Detalles MARC
| 000 -CABECERA |
| campo de control de longitud fija |
02095nam a2200277 i 4500 |
| 003 - IDENTIFICADOR DEL NÚMERO DE CONTROL |
| campo de control |
DO-SdBNP |
| 005 - FECHA Y HORA DE LA ÚLTIMA TRANSACCIÓN |
| campo de control |
20231103135430.0 |
| 006 - CÓDIGOS DE INFORMACIÓN DE LONGITUD FIJA--CARACTERÍSTICAS DEL MATERIAL ADICIONAL |
| campo de control de longitud fija |
a||||gr|||| 00| 0 |
| 007 - CAMPO FIJO DE DESCRIPCIÓN FÍSICA--INFORMACIÓN GENERAL |
| campo de control de longitud fija |
ta |
| 008 - DATOS DE LONGITUD FIJA--INFORMACIÓN GENERAL |
| campo de control de longitud fija |
231101t1996 dr ||||| |||| 00| 0 spa d |
| 040 ## - FUENTE DE LA CATALOGACIÓN |
| Centro catalogador/agencia de origen |
DO-SdBNP |
| Lengua de catalogación |
spa |
| Centro/agencia transcriptor |
BNPHU |
| Normas de descripción |
rda |
| 082 #4 - NÚMERO DE LA CLASIFICACIÓN DECIMAL DEWEY |
| Número de edición |
22 |
| Número de documento/Ítem |
P953s |
| 111 1# - ENTRADA PRINCIPAL--NOMBRE DE CONGRESO/REUNIÓN |
| Nombre de congreso/reunión o jurisdicción como elemento de entrada |
Simposio Dominicano de Lengua Española |
| Número del congreso/reunión o número de parte o sección |
(1.: |
| Fecha del congreso/reunión |
1994: |
| Sede del congreso/Lugar de la reunión |
Santo Domingo) |
| Término indicativo de función/relación |
autor |
| 9 (RLIN) |
84558 |
| 245 10 - MENCIÓN DE TÍTULO |
| Título |
Primer simposio dominicano de lengua española: |
| Resto del título |
ponencias. / |
| Mención de responsabilidad, etc. |
Prólogo, Ricardo Díez-Hochleitner. |
| 264 #4 - PRODUCCIÓN, PUBLICACIÓN, DISTRIBUCIÓN, FABRICACIÓN Y COPYRIGHT |
| Producción, publicación, distribución, fabricación y copyright |
Santo Domingo : |
| Nombre del de productor, editor, distribuidor, fabricante |
Centro Cultural Hispánico-ICI, |
| Fecha de producción, publicación, distribución, fabricación o copyright |
1996 |
| 300 ## - DESCRIPCIÓN FÍSICA |
| Extensión |
132 páginas ; |
| Dimensiones |
23 cm. |
| 336 ## - TIPO DE CONTENIDO |
| Fuente |
rdacontent |
| Término de tipo de contenido |
texto |
| Código de tipo de contenido |
txt |
| 337 ## - TIPO DE MEDIO |
| Fuente |
rdamedia |
| Nombre/término del tipo de medio |
sin mediación |
| Código del tipo de medio |
n |
| 338 ## - TIPO DE SOPORTE |
| Fuente |
rdacarrier |
| Nombre/término del tipo de soporte |
volumen |
| Código del tipo de soporte |
nc |
| 500 ## - NOTA GENERAL |
| Nota general |
Incluye bibliografía y notas al pie de páginas |
| 504 ## - NOTA DE BIBLIOGRAFÍA, ETC. |
| Nota de bibliografía, etc. |
Bibliografías, páginas 78 - 84 y 131 - 32. |
| 505 ## - NOTA DE CONTENIDO CON FORMATO |
| Nota de contenido con formato |
Prólogo.-- Presentación. |
| Título |
Palabras con motivo de la inauguración del Simposio Dominicano de Lengua Española, / |
| Mención de responsabilidad |
Enrique Sardá Valls.-- |
| Título |
Palabras de la Secretaria de Educación, / |
| Mención de responsabilidad |
Lic. Jacqueline Malagón.-- |
| Título |
Palabras de Virginia Fernández, / |
| Mención de responsabilidad |
Directora del Centro Cultural Hispánico.-- |
| Título |
La defensa de la enseñanza del español, / |
| Mención de responsabilidad |
Obdulia García.-- |
| Título |
Español de España y español de América, / |
| Mención de responsabilidad |
Maximiliano A. Jiménez Sabater.-- |
| Título |
La norma lingüística y el español dominicano, / |
| Mención de responsabilidad |
Dra. Irene Pérez Guerra.-- |
| Título |
La utilización de la lengua española en los medios de comunicación dominicanos, / |
| Mención de responsabilidad |
Nexcy de León.-- |
| Título |
El lenguaje de la publicidad en la República Dominicana, / |
| Mención de responsabilidad |
Freddy Ortíz.-- |
| Título |
La prosa dominicana en el siglo XX (1900 - 1950), / |
| Mención de responsabilidad |
Manuel Núñez.-- |
| Título |
Lengua y Literatura en la educación dominicana. Su enseñanza, / |
| Mención de responsabilidad |
Ciana D. Martínez Valdez.-- |
| Título |
El lenguaje político, / |
| Mención de responsabilidad |
Rafael González Tirado.-- |
| Título |
El Instituto Cervantes: presente y futuro del español dominicano en la mundo, / |
| Mención de responsabilidad |
José Ma. de Tomás Puch.-- |
| Título |
Historia del español dominicano, / |
| Mención de responsabilidad |
Micaela Carrera de la Red. |
| 590 ## - NOTA LOCAL (RLIN) |
| Nota local |
Inventariado 2023 / MF |
| 700 1# - PUNTO DE ACCESO ADICIONAL--NOMBRE DE PERSONA |
| Nombre de persona |
Díez-Hochleitner, Ricardo, |
| Término indicativo de función/relación |
prólogo |
| 9 (RLIN) |
84559 |
| 942 ## - ELEMENTOS DE PUNTO DE ACCESO ADICIONAL (KOHA) |
| Fuente del sistema de clasificación o colocación |
Dewey Decimal Classification |
| Tipo de ítem Koha |
Libro |